000 00615nam a2200205Ii 4500
003 JO-AjNU
008 230606s9999||||xx |||||||||||||| ||und||
040 _aJO-AjNU
_beng
_erda
_cJO-AjNU
041 _aeng
050 1 4 _aQC981 2011
100 3 _aojjeh, Mashal Yassine,
_eauthor
_95042
245 0 0 _aLong-range weather prediction using data mining :Acase study
250 _a5 ed
264 3 1 _aEuropean university ,2011
300 _a52p
336 _atext
_btxt
_2rdacontent
337 _aunmediated
_bn
_2rdamedia
338 _avolume
_bnc
_2rdacarrier
650 4 _aSteel structures design - behavior
_95043
999 _aE2608
_c2606
_d2606